Statistics for World War II Fighters

Click here to take the quiz!

General Stats

  • This quiz has been taken 32 times
  • The average score is 12 of 20

Answer Stats

Answer% Correct
Spitfire
100%
A6M Zero
93%
P-51 Mustang
93%
Hurricane
89%
BF 109
81%
P-40 Warhawk
78%
Corsair
74%
P-38 Lightning
70%
F6F Hellcat
67%
Fw 190
63%
Mosquito
63%
P-47 Thunderbolt
63%
F4F Wildcat
52%
P-39 Airacobra
48%
Bf 110
41%
Yak-9
41%
LaGG-3
33%
La-5
30%
Yak-7
30%
I-16
22%

Score Distribution

Percentile by Number Answered

Percent of People with Each Score

Your Score History

You have not taken this quiz